La teoría de la justicia de Immanuel Kant.
Պահպանված է:
| Հիմնական հեղինակ: | |
|---|---|
| Ձևաչափ: | Գիրք |
| Լեզու: | իսպաներեն |
| Հրապարակվել է: |
Madrid, España:
Centro de Estudios Constitucionales,
1995.
|
| Շարք: | Colección "El Derecho y la justicia", 43.
|
| Խորագրեր: | |
| Ցուցիչներ: |
Ավելացրեք ցուցիչ
Չկան պիտակներ, Եղեք առաջինը, ով նշում է այս գրառումը!
|
MARC
| LEADER | 00000nam a2200000 a 4500 | ||
|---|---|---|---|
| 001 | UCP4884 | ||
| 003 | CL-VaPUC | ||
| 005 | 20241127084743.0 | ||
| 008 | 990821e19950000SP |||||||||||||||||spa|d | ||
| 999 | |c 282777 |d 282775 | ||
| 020 | |a 84-259-0993-7 | ||
| 040 | |c Pontificia Universidad Católica de Valparaíso | ||
| 082 | 0 | 4 | |a 340.11 COL 1995 |2 21 |
| 100 | 0 | |a Colomer Martín Calero, José Luis |e autor |9 432857 | |
| 245 | 1 | 3 | |a La teoría de la justicia de Immanuel Kant. |
| 260 | |a Madrid, España: |b Centro de Estudios Constitucionales, |c 1995. | ||
| 300 | |a 430 páginas. | ||
| 490 | 0 | |a Colección "El Derecho y la justicia", 43. | |
| 500 | |a c.2 Donación Familia Prof. Alejandro Guzmán Brito. | ||
| 583 | |a last modification |c 19990821 00:00:00 |k Rodrigo Vera | ||
| 600 | 0 | |a Kant, Immanuel, |d 1724-1804 |9 858687 | |
| 650 | 0 | |a Contrato social |2 CL-VaPUC |9 308917 | |
| 650 | 0 | |a Derecho y libertad |2 CL-VaPUC |9 384500 | |
| 650 | 0 | |a Etica y derecho |9 341370 | |
| 650 | 0 | |a Filosofía del derecho |9 255050 | |
| 650 | 0 | |a Igualdad |9 258477 | |
| 650 | 0 | |a Justicia |9 255408 | |
| 650 | 0 | |a Obligaciones |9 255578 | |
| 942 | |c BK |2 ddc |n 0 | ||
| 945 | |d 19990821 00:00:00 |a vberengu | ||
| 952 | |0 0 |1 0 |4 0 |6 340_110000000000000_COL_1995 |7 0 |8 DER_TF |9 325172 |a BIBDER |b BIBDER |d 2019-11-20 |i 3536068 |l 2 |o 340.11 COL 1995 |p 3536068 |r 2023-04-12 |s 2023-04-05 |w 2019-11-20 |x Ubicación 4to Piso |y BK |z Estos recursos deben solicitarse con anticipación |k DER | ||